| 000 | 00752cam a22001934a 4500 | ||
|---|---|---|---|
| 005 | 20250605164207.0 | ||
| 008 | 250528s ||||||||||||||||||||||||d | ||
| 035 | _a20069 | ||
| 020 | _a3452189325 | ||
| 040 |
_aGR-AtMCL _bgre _dGR-AtMCL _eAACR2 |
||
| 245 | 1 | _aVertragespraxis und Streiterledigund im Wirtschaftsverkehr mit arabischen Staaten / Schriftenreihe des Deutschen Instituts fur Schiedsgerichtswesen Band 2 | |
| 260 |
_bCarl Heymanns Verlag Kg, _c1981 |
||
| 300 | _a392 | ||
| 520 | _aAbkurzungsverzeichnis, Vorwort des Herausgebers, Schiedsgerichtsbarkeit und Vollstreckung auslandischer Entscheidungen in der Golfstaaten, Anhang. | ||
| 710 | 2 |
_aBeitragen von Mit _99777 |
|
| 942 | _cBK | ||
| 999 |
_c5217 _d5217 |
||